Aplicaciones analíticas del AEDT y similares.
Збережено в:
| Автор: | |
|---|---|
| Інші автори: | |
| Формат: | Книга |
| Мова: | Іспанська |
| Опубліковано: |
Santiago de Compostela, España
Universidad de Santiago de Compostela
1960
|
| Предмети: | |
| Теги: |
Додати тег
Немає тегів, Будьте першим, хто поставить тег для цього запису!
|
MARC
| LEADER | 00000nam a2200000 a 4500 | ||
|---|---|---|---|
| 001 | UCU3504 | ||
| 003 | CL-VaPUC | ||
| 005 | 20240104145549.0 | ||
| 008 | 960510e19600000SP |||||||||||||||||spa|d | ||
| 999 | |c 247493 |d 247491 | ||
| 040 | |c Pontificia Universidad Católica de Valparaíso | ||
| 082 | 0 | 4 | |a 543 BER 1960 |2 21 |
| 100 | 0 | |a Bermejo Martínez, Francisco |9 360462 | |
| 245 | 1 | 0 | |a Aplicaciones analíticas del AEDT y similares. |
| 260 | 0 | 3 | |a Santiago de Compostela, España |b Universidad de Santiago de Compostela |c 1960 |
| 300 | |a 624 páginas. | ||
| 583 | |a last modification |c 19960510 00:00:00 |k Rodrigo Vera | ||
| 650 | 0 | |a Química analítica |9 259648 | |
| 650 | 0 | |a Análisis cualitativo |9 346076 | |
| 650 | 0 | |a Absorción |9 360464 | |
| 650 | 0 | |a Química física |9 260596 | |
| 650 | 7 | |a POLAROGRAFIA |2 CL-VaPUC |9 360131 | |
| 650 | 0 | |a Análisis volumétrico |9 345156 | |
| 650 | 0 | |a Ácido etilendiaminotetraacético (AEDT) |9 360465 | |
| 700 | 0 | |a Prieto Bouza, Antonio |9 360463 | |
| 942 | |c BK |2 ddc | ||
| 945 | |d 19960510 00:00:00 |a cmena | ||
| 952 | |0 0 |1 0 |2 ddc |4 0 |6 543_000000000000000_BER_1960 |7 0 |8 A |9 263451 |a BIBING |b BIBING |d 2019-11-19 |i 1654098 |o 543 BER 1960 |p 1654098 |r 2025-01-20 |t 1 |w 2019-11-19 |y BK |k ING | ||